000 00446nam a22001817a 4500
003 MPLRDC
005 20220104123303.0
008 210129b ||||| |||| 00| 0 eng d
020 _a7-80005-552-3
082 _a857.257 WSF-5
100 _a王实甫
245 _a西厢记
_c
250 _a初版
260 _a中国
_b新世界出版社
_c2000
300 _b223
650 _a笔记; 异闻小说--西厢记
942 _cBK
_o857.257 WSF-5
999 _c10087
_d10077